000 00821nam a2200241 i 4500
001 67685
003 ES-MaACL
005 20250728051340.0
007 t|
008 040610s2003 sp ||||1| spa d
020 _a84-7658-654-X
080 _a37.014(8=134)"19"
100 1 _aBello de Arellano, María Eugenia.
_927240
245 1 0 _aEducación y globalización
_b: los discursos educativos en Iberoamérica /
_cMaría Eugenia Bello.
250 _a1ª ed.
260 _aRubí (Barcelona) :
_bAnthropos,
_c2003.
300 _a383 p. ;
_c20 cm.
490 1 _aRepensar la educación desde la actualidad ;
_v4
651 4 _aAmérica Latina-
_xPolítica educativa
_97754
830 0 _aRepensar la educación desde la actualidad ;
_v4
_9230911
852 _aES-MaACL
_jL-27906
_bR.133410
999 _c67685
_d67685